Statistics for Most Common Girl Names in 2000s in USA

Click here to take the quiz!

General Stats

  • This quiz has been taken 183 times
  • The average score is 40 of 99

Answer Stats

Answer% Correct
Olivia
81%
Emma
80%
Elizabeth
77%
Emily
77%
Anna
74%
.Sara
72%
Ava
68%
Hannah
66%
Isabel
66%
Sofia
66%
Jessica
65%
Mary
64%
Sophia
63%
Victoria
62%
Jennifer
61%
Alexa
60%
Ella
60%
Katherine
60%
Chloe
59%
Rachel
58%
Samantha
58%
Grace
57%
Madison
57%
Maria
57%
Isabella
56%
Mia
55%
Lauren
54%
Alexandra
53%
.Amelia
53%
Ashley
52%
Julia
52%
Nicole
51%
Zoe
51%
Amanda
50%
Natalie
50%
Rebecca
50%
Sarah
49%
Abigail
48%
Taylor
48%
Alexis
45%
Evelyn
45%
Danielle
44%
Megan
43%
Avery
40%
Caroline
40%
Riley
40%
Stephanie
40%
Claire
39%
Erin
39%
Molly
37%
Brianna
36%
Faith
36%
Hailey
36%
Audrey
35%
Kayla
35%
Amber
34%
Kimberly
34%
Kylie
34%
Alyssa
33%
Allison
31%
Angelina
31%
Ariana
31%
Gabriella
31%
Gabrielle
31%
Jasmine
31%
Leah
31%
Michelle
31%
Vanessa
31%
Madeline
30%
Melanie
30%
Addison
29%
Andrea
29%
Paige
29%
Brooke
28%
Maya
28%
Morgan
28%
Brooklyn
27%
Jenna
24%
Jordan
24%
Savannah
23%
Lillian
21%
Mackenzie
21%
Aaliyah
20%
Bailey
20%
Jada
19%
Haley
18%
Sierra
18%
Sydney
17%
Kaitlyn
16%
Kaylee
16%
Katelyn
15%
Autumn
13%
Destiny
13%
Arianna
12%
Jocelyn
12%
Nevaeh
12%
Mariah
11%
Makayla
10%
Trinity
10%

Score Distribution

Percentile by Number Answered

Percent of People with Each Score

Your Score History

You have not taken this quiz